Every Flying Type Pokémon - Statistics

General Stats
  • This quiz has been taken 8 times
  • The average score is 100 of 112
Answer Stats
Debut Region Pokédex Number Pokémon % Correct
142 Aerodactyl
100%
566 Archen
100%
567 Archeops
100%
144 Articuno
100%
Hoenn 267 Beautifly
100%
628 Braviary
100%
012 Butterfree
100%
Kanto 006 Charizard
100%
723 Dartrix
100%
085 Dodrio
100%
084 Doduo
100%
580 Ducklett
100%
587 Emolga
100%
083 Farfetch'd
100%
022 Fearow
100%
130 Gyarados
100%
250 Ho-oh
100%
Johto 163 Hoothoot
100%
645 Landorus
100%
166 Ledian
100%
165 Ledyba
100%
249 Lugia
100%
630 Mandibuzz
100%
146 Moltres
100%
291 Ninjask
100%
164 Noctowl
100%
018 Pidgeot
100%
017 Pidgeotto
100%
016 Pidgey
100%
Unova 519 Pidove
100%
Alola 722 Rowlet
100%
627 Rufflet
100%
561 Sigilyph
100%
021 Spearow
100%
581 Swanna
100%
642 Thundurus
100%
641 Tornadus
100%
520 Tranquill
100%
357 Tropius
100%
521 Unfezant
100%
629 Vullaby
100%
145 Zapdos
100%
334 Altaria
83%
962 Bombirdier
83%
797 Celesteela
83%
441 Chatot
83%
415 Combee
83%
823 Corviknight
83%
822 Corvisquire
83%
845 Cramorant
83%
169 Crobat
83%
225 Delibird
83%
149 Dragonite
83%
426 Drifblim
83%
425 Drifloon
83%
Hisui 905 Enamorus
83%
973 Flamigo
83%
662 Fletchinder
83%
Kalos 661 Fletchling
83%
207 Gligar
83%
472 Gliscor
83%
042 Golbat
83%
701 Hawlucha
83%
430 Honchkrow
83%
187 Hoppip
83%
189 Jumpluff
83%
941 Kilowattrel
83%
226 Mantine
83%
458 Mantyke
83%
284 Masquerain
83%
774 Minior
83%
414 Mothim
83%
198 Murkrow
83%
177 Natu
83%
714 Noibat
83%
715 Noivern
83%
741 Oricorio
83%
279 Pelipper
83%
731 Pikipek
83%
127 Pinsir (Mega)
83%
384 Rayquaza
83%
Galar 821 Rookidee
83%
479 Rotom (Fan)
83%
373 Salamence
83%
123 Scyther
83%
492 Shaymin (Sky)
83%
227 Skarmory
83%
188 Skiploom
83%
Paldea 931 Squawkabilly
83%
398 Staraptor
83%
397 Staravia
83%
Sinnoh 396 Starly
83%
333 Swablu
83%
277 Swellow
83%
528 Swoobat
83%
276 Taillow
83%
663 Talonflame
83%
468 Togekiss
83%
176 Togetic
83%
733 Toucannon
83%
732 Trumbeak
83%
416 Vespiquen
83%
666 Vivillon
83%
940 Wattrel
83%
278 Wingull
83%
527 Woobat
83%
178 Xatu
83%
193 Yanma
83%
469 Yanmega
83%
717 Yveltal
83%
041 Zubat
83%
993 Iron Jugulis
67%
No matching quizzes found
Score Distribution
Percent of People with Each Score
Percentile by Number Answered
Your Score History
You have not taken this quiz